Statistics for NCAA Division 1 schools in Pennsylvania

Click here to take the quiz!

General Stats

  • This quiz has been taken 980 times
    (978 since last reset)
  • The average score is 9 of 14

Answer Stats

Primary ConferenceFull nameSchool% Correct
IvyUniversity of PennsylvaniaPenn
100%
Big TenPennsylvania State UniversityPenn State
97%
ACCUniversity of PittsburghPittsburgh
93%
AmericanTemple UniversityTemple
84%
Big EastVillanova UniversityVillanova
77%
PatriotLehigh UniversityLehigh
58%
ColonialDrexel UniversityDrexel
54%
PatriotBucknell UniversityBucknell
52%
A10Saint Joseph's UniversitySaint Joseph's
52%
A10Duquesne UniversityDuquesne
47%
A10La Salle UniversityLa Salle
45%
PatriotLafayette CollegeLafayette
44%
HorizonRobert Morris UniversityRobert Morris
36%
NECSaint Francis UniversitySaint Francis
31%

Score Distribution

Percentile by Number Answered

Percent of People with Each Score

Your Score History

You have not taken this quiz since the last reset